000
00330nam a22001457a 4500
008
221006b ||||| |||| 00| 0 eng d
020
_a
0721697704
041
_a
eng
080
_2
seventh edition
_a
616.31
082
_a
616.31
100
_a
12
101
_a
STO
245
_a
MODERN DENTAL ASSISTING
_c
BRID D
942
_2
udc
_c
BK
999
_c
58396
_d
58396